| 000 | 00684cam a2200217 4500 | ||
|---|---|---|---|
| 001 | D11324 | ||
| 008 | 090401t1980 xxu||||| |||| 00| 0 eng d | ||
| 022 | _a0305-4713 | ||
| 035 | _a(Sirsi) u97772 | ||
| 041 | _aeng | ||
| 100 | _aPringle, J.W.H. | ||
| 245 | _aPoints to remember in the sale and purchase of property | ||
| 250 | _aRevised | ||
| 260 | _c1980 | ||
| 350 | _a0 | ||
| 490 |
_aLand Agency and Agriculture Practice Leaflet _v17,2 no 2 |
||
| 520 | _aIn RICS Land Agency and Agriculture Division. Practice leaflets no. 1 - 1974/9 | ||
| 710 |
_aRoyal Institution of Chartered Surveyors. Land Agency and Agriculture Division _91449 |
||
| 942 | _n0 | ||
| 948 | _c04/03/1997 | ||
| 999 |
_c98995 _d98995 |
||